Southville International School and Colleges
Your cart is empty.
  • Cart
  • Lists
    Public lists Eva Luna New books Lux_list list_1
    Your lists Log in to create your own lists
  • Log in to your account
  • Your cookies
  • Search history
Southville International School and Colleges
  • Advanced search
  • Recent comments
  • Most popular
  • Libraries

Log in to your account

Log in with GOOGLE


If you do not have an external account, but do have a local account, you can still log in:

  1. Home
  2. MARC view: Health promotion in nursing /
Normal view MARC view ISBD view

Health promotion in nursing / (Record no. 21273)

[ view plain ]
MARC details
000 -LEADER
fixed length control field 00560nam a2200193 a 4500
005 - DATE AND TIME OF LATEST TRANSACTION
control field 20140310183316.0
008 - FIXED-LENGTH DATA ELEMENTS--GENERAL INFORMATION
fixed length control field 051117s19uu xx 00 eng d
020 ## - INTERNATIONAL STANDARD BOOK NUMBER
International Standard Book Number 9812652728
050 ## - LIBRARY OF CONGRESS CALL NUMBER
Classification number RT 42
Item number .M461 2005
100 ## - MAIN ENTRY--PERSONAL NAME
Personal name Maville, Janice A.
245 ## - TITLE STATEMENT
Title Health promotion in nursing /
Statement of responsibility, etc Janice A. Maville, Carolina G. Huerta.
260 ## - PUBLICATION, DISTRIBUTION, ETC. (IMPRINT)
Place of publication, distribution, etc Singapore :
Name of publisher, distributor, etc Delmar Thomson Learning,
Date of publication, distribution, etc 2005.
300 ## - PHYSICAL DESCRIPTION
Extent 453 p. :
Dimensions 24 cm.
521 ## - TARGET AUDIENCE NOTE
Target audience note
650 ## - SUBJECT ADDED ENTRY--TOPICAL TERM
Topical term or geographic name as entry element Community health nursing.
650 ## - SUBJECT ADDED ENTRY--TOPICAL TERM
Topical term or geographic name as entry element Health
General subdivision Nursing.
942 ## - ADDED ENTRY ELEMENTS (KOHA)
Koha item type Books
Source of classification or shelving scheme Library of Congress Classification
Call number prefix Foreign
Holdings
Withdrawn status Lost status Source of classification or shelving scheme Damaged status Home library Current library Shelving location Date acquired Total Checkouts Full call number Barcode Date last seen Copy number Price effective from Koha item type
    Library of Congress Classification   College Library College Library General Circulation Section 11/17/2005   RT 42 .M461 2005 C6454 05/15/2018 1 10/10/2013 Books

Health promotion in nursing /

APA

Maville J. A., . (2005). Health promotion in nursing. Singapore: Delmar Thomson Learning.

Chicago

Maville Janice A, . 2005. Health promotion in nursing. Singapore: Delmar Thomson Learning.

Harvard

Maville J. A., . (2005). Health promotion in nursing. Singapore: Delmar Thomson Learning.

MLA

Maville Janice A, . Health promotion in nursing. Singapore: Delmar Thomson Learning. 2005.

  • Place hold
  • Print
  • Cite
  • Add to your cart (remove)
  • Save record
    BIBTEX Dublin Core MARCXML MARC (non-Unicode/MARC-8) MARC (Unicode/UTF-8) MARC (Unicode/UTF-8, Standard) MODS (XML) RIS
  • More searches
    Search for this title in:
    Other Libraries (WorldCat) Other Databases (Google Scholar) Online Stores (Bookfinder.com) Open Library (openlibrary.org)

Exporting to Dublin Core...

SOUTHVILLE LIBRARY

Southville International School and Colleges Library

1281 Tropical Ave. Cor. Luxembourg St., BF Homes International, Las Pinas City

Tel. No. 8256374 / 252358 Loc. 117/146

Powered by Koha